000
00278cam a22000977a 4500
008
180718b1958 xxu||||| |||| 00| 0 eng d
082
_a
D89x54
100
_a
Shakha, Prakashan
245
_a
Rehabilitation
_c
by Prakashan Shakha
260
_a
Uttar Pradesh
_b
Information Department
_c
1958
999
_c
504212
_d
504212